01605nam a22002537a 4500003000400000005001700004008004100021020001800062040002000080082002000100100003100120245011800151250002200269264003900291300003400330336002700364337002700391338002800418500001900446504004800465520076400513650003201277700004201309OSt20240923142358.0240923s2024 us a|||f |||| 001 0 spa d a9786310025179 aCHAPcCHAPerda00222a582.13bL921 aLúquez, Claudia Victoria10aBotánica sistemática esencial:bfamilia de plantas con flores según APG IV /cpor Claudia Victoria Lúquez aPrimera edición 1aEstados Unidos:bArgentina,c2023. a262 páginas:bilustraciones 2rdacontentatextobtxt 2rdamediaasin mediobn 2rdacarrieravolumenbnc aObra ilustrada aIncluye índice, bibliografía y glosario aEl objetivo de este libro es brindar a profesionales, estudiantes y aficionados, los instrumentos esenciales para reconocer las diversas familias de plantas que nos rodean. Se describen las caracteres diferenciales para la identificación a campo y en investigación. En cada familia de plantas (Subfamilias y tribus, según su importancia) se acompañan los caracteres diagnósticos con ilustraciones didácticas (de alta definición) que proporcionan su Gestalt (forma distintiva). Se incluye además hábitat, distribución, importancia económica y otra información relevante. Un glosario interactivo con hipervínculos permite comprender los términos que presentan alguna dificultad. Incluye el glosario completo de términos utilizados. 4aBotánicaxClasificación1 aFormento, Carlos Ludovicoeilustrador